Vošky na ovocných stromoch

Bibliographic Details
Main Author: Strelka, František (Author)
Format: Article
Language:Slovak

MARC

LEADER 00000nab a2200000uu 4500
001 vtls010912054
003 SK-MaSNL
005 20260303142658.0
008 230222|1941 xo |||||||||||||||||slo|
015 |a SNBRB 
035 |a (urnnbn)urn:nbn:sk:snk:ar-a086ln 
035 |a (uuid)2d12a922-bee2-45b0-9d45-18147861daf7 
035 |a urn:nbn:sk:snk-ab9149 
040 |a SNKBUCL  |b slo  |c SNKBUCL  |e AACR2 
041 0 |a slo 
044 |a xo  |c SK 
100 1 |a Strelka, František  |4 aut  |9 366734 
245 1 0 |a Vošky na ovocných stromoch  |c František Strelka 
773 0 |t Slovenské ovocinárstvo : odborný časopis pre povznesenie ovocinárstva, vinohradníctva a záhradníctva : orgán Slovenskej ovocinárskej spoločnosti a jej odbočiek  |g Roč. 18, č. 411 (1941), s. 85-86 
954 |a odborná, vedecká literatúra pôvodná (slovenská)  |2 lita 
958 |a OND 
958 |a EUIPO 
958 |a article10 
999 |c 1985308  |d 1987238